000 00467nam a2200181Ia 4500
001 11864
005 20260306162859.0
008 260306t2021||||xx |||||||||||||| ||spa||
041 _aESP
082 _aHR 200
_bABR-JUN 2021 SALESIANUM
100 _aPontificiae Studiorum Universitatis Salesianae - Romae
_eAUT
245 0 _aSalesianum
260 _c2021
300 _apáginas 204-440 :
_c24 cm.
650 _aGEN
654 _aCHU
942 _cREV
_dJUS
_fJUS
_2ddc
_n
999 _c11864
_d11864